Zákonník práce úplné znenie Zákonníka práce č. 311/2001 Z. z. v znení zákonov č. 165/2002 Z. z., č. 408/2002 Z. z., č. 413/2002 Z. z., č. 210/2003 Z.z., č. 461/2003 Z. z. a č. 5/2004 Z. z. s podrobným komentárom a judikatúrou

Gespeichert in:
Bibliographische Detailangaben
Format: Buch
Sprache:Slowakisch
Veröffentlicht: Bratislava Nová Práca 2004
Schlagworte:
Tags: Tag hinzufügen
Keine Tags, Fügen Sie das erste Tag hinzu!

MARC

LEADER 00000nam$a2200000$$$4500
001 0005311
005 20240104094951.0
020 |a 80-88929-54-7 
041 0 |a slo 
044 |a SK 
245 1 0 |a Zákonník práce  |b úplné znenie Zákonníka práce č. 311/2001 Z. z. v znení zákonov č. 165/2002 Z. z., č. 408/2002 Z. z., č. 413/2002 Z. z., č. 210/2003 Z.z., č. 461/2003 Z. z. a č. 5/2004 Z. z. s podrobným komentárom a judikatúrou 
264 1 |a Bratislava  |b Nová Práca  |c 2004 
300 |a 187 s. 
610 2 0 |a zákonník práce 
610 2 0 |a právo pracovné 
610 2 0 |a zamestnávatelia 
610 2 0 |a zamestnanci 
610 2 0 |a vzťahy pracovnoprávne 
610 2 0 |a komentáre 
610 2 0 |a Slovensko